000 00396nam a2200169 a 4500
001 29001
005 20180713231958.0
008 140415s1980 mx 000 0 ger d
041 _ager
082 _a883
_bHOM
100 1 _aHOMERO
245 1 3 _aLA ODISEA
250 _a1a ed.
260 _aMEXICO :
_bDESCONOCIDA,
_c1980
300 _a109
_c6 x 2 x 9
650 1 4 _aLITERATURA
999 _c29001
_d29001